000
00263nam a22001097a 4500
008
170125b xxu||||| |||| 00| 0 eng d
020
_a
9780815149446
041
_a
eng
080
_2
14TH
_a
618.2
245
_a
THE HARRIET LANE HANDBOOK
_c
BARONE, M.A
942
_2
udc
_c
BK
999
_c
3658
_d
3658